000 00422nam a2200181Ia 4500
001 4306
005 20260306145746.0
008 260306t2011||||xx |||||||||||||| ||spa||
041 _aESP
082 _a320.513
_bL59
100 _aJaksic, Iván
_eAUT
245 0 _aLiberalismo y poder:
_blatinoamérica en el siglo XIX
260 _c2011
300 _a
_c
650 _aGEN
654 _aCDE
942 _cLIB
_dJUS
_fJUS
_2ddc
_n
999 _c4306
_d4306